MESTSKÁ KNIŽNICA GIRALTOVCE  - online katalóg 

O Klementovi Gottwaldovi (Record no. 15504)

000 -NÁVESTIE
fixed length control field 00671nam a2200217 a 4500
008 - ÚDAJE S PEVNOU DĹŽKOU – VŠEOBECNÉ INFORMÁCIE
fixed length control field 031122s1954||||xo 0 slo c
040 ## - ZDROJ KATALOGIZÁCIE
Pôvodná katalogizujúca agentúra SNK
Jazyk katalogizácie slo
Prepisujúca agentúra SNK
Konvencie popisu AACR2
041 1# - KÓD JAZYKA
Kód jazyka textu/zvukovej stopy alebo samostatných nápisov slo
Kód jazyka originálu a/alebo sprostredkujúcich prekladov textu cze
044 ## - KÓD KRAJINY VYDAVATEĽA/PRODUCENTA
Kód krajiny MARC xo
Kód krajiny ISO SK
080 ## - ČÍSLO MEDZINÁRODNÉHO DESATINNÉHO TRIEDENIA (MDT)
Číslo Medzinárodného desatinného triedenia (MDT) 929 Gottwald, Klement
080 ## - ČÍSLO MEDZINÁRODNÉHO DESATINNÉHO TRIEDENIA (MDT)
Číslo Medzinárodného desatinného triedenia (MDT) 32-051
020 ## - MEDZINÁRODNÉ ŠTANDARDNÉ ČÍSLO KNIHY (ISBN)
Údaje o dostupnosti 6,70
100 1# - OSOBNÉ MENÁ – VŠEOBECNÉ INFORMÁCIE
Osobné meno Nečásek, František
Kód roly aut
245 10 - NÁZOV
Názov O Klementovi Gottwaldovi
Zvyšok názvu <náčrt životopisu>
Údaj o zodpovednosti atď. František Nečásek ; (z čes. orig. poslov. ÚD KSS)
260 ## - VYDAVATEĽSKÉ ÚDAJE, DISTRIBÚCIA ATĎ.
Miesto publikovania, distribúcie atď. Bratislava
Názov vydavateľa, distibútora atď. SVPL
Dátum publikovania, distribúcie atď. 1954
Miesto výroby Bratislava
Výrobca Pravda
300 ## - FYZICKÝ POPIS
Rozsah 158, [1] s.
Rozmery
500 ## - VŠEOBECNÁ POZNÁMKA
Formátovaná poznámka o obsahu Frontispice
500 ## - VŠEOBECNÁ POZNÁMKA
Formátovaná poznámka o obsahu 5.000 výtlač.
600 1# - PRIDANÝ VSTUP – PREDMET – OSOBNÉ MENO
Osobné meno Gottwald, Klement
Dátumy súvisiace s menom 1896-1953
Všeobecný pododdiel biografie
Zdroj hesla alebo termínu SNK
958 ## - Formálny deskriptor
Formálny deskriptor AAU
Holdings
Stav stiahnutia (Blokovanie) (Withrawn status) Stav straty Stav poškodenia (Damaged status) Nie pre výpožičky (Not for loan) Spôsob nadobudnutia (Collection code) Trvalé umiestnenie Aktuálne umiestnenie Dátum nadobudnutia Náklady, bežná kúpna cena Inventárne číslo (prírastkové číslo) Full call number Dátum posledného výskytu Cena s účinnosťou od Typ jednotky Koha
        Kúpa Mestská knižnica Giraltovce Mestská knižnica Giraltovce 2019-11-29 6.70 14528 K 081 2019-11-29 2019-11-29 Odborná literatúra pre dospelých

Powered by Koha